000 00309 a2200097 4500
082 _a624.170151 MUK
100 _aMukhopadhyay,M
245 _aMatrix and Finite Element Analysis of Structures /
_cM.Mukhopadhyay
260 _aNew Delhi :
_cAne Books India:
_b2004
300 _a443p. :
_bill . ;
_c25 cm
_e1 CD-ROM
650 _astructural analysis
999 _c1205
_d1205